Normal view
MARC view
Entry Personal Name
001 - CONTROL NUMBER
- control field: 26744
003 - CONTROL NUMBER IDENTIFIER
- control field: OSt
005 - DATE AND TIME OF LATEST TRANSACTION
- control field: 20160101170842.0
008 - FIXED-LENGTH DATA ELEMENTS
- fixed length control field: 160101|| aca||aabn | a|a d
040 ## - CATALOGING SOURCE
- Original cataloging agency: OSt
- Transcribing agency: OSt
100 ## - HEADING--PERSONAL NAME
- Personal name: Mukerji, Nirod
670 ## - SOURCE DATA FOUND
- Source citation: Work cat.: (OSt)35315: Mukerji, Nirod, Standing at the Cross Roads, 1964









